000
00321nam a22001337a 4500
999
_c
534349
_d
534349
040
_c
MSOHAIL
082
_a
891.4391
100
_a
Muhammad Shamsul Haq
_9
28486
245
_a
Paimana-e-Ghazal: Vol - 1
250
_a
Vol-1
260
_a
Islamabad
_b
National Book Foundation
_c
c2008
300
_a
440;pxv
942
_2
ddc
_c
BK